Statistiques concernant États du Brésil - Carte Quiz

Cliquez ici pour prendre le quiz!

Statistiques générales

  • Ce quiz a été pris 3 278 fois
  • Le résultat moyen est 9 sur 27

Réponses sur la Carte

Les réponses sont colorées sur une échelle allant du rouge au vert en fonction du pourcentage des utilisateurs qui les ont devinées à leur premier essai. Vous pouvez retrouver ces pourcentages ci-dessous.
 

Statistiques - réponses

Réponse% Correct
Amazonas
59%
Rio de Janeiro
58%
São Paulo
52%
Distrito Federal
47%
Mato Grosso
43%
Rio Grande do Sul
42%
Mato Grosso do Sul
40%
Acre
34%
Bahia
34%
Minas Gerais
33%
Rio Grande do Norte
31%
Goiás
30%
Santa Catarina
28%
Espírito Santo
27%
Paraná
27%
Amapá
26%
Pará
26%
Pernambouc
26%
Tocantins
25%
Ceará
23%
Maranhão
23%
Rondônia
23%
Roraima
22%
Sergipe
21%
Alagoas
20%
Piauí
20%
Paraíba
19%

Distribution des résultats

Percentile par nombre de réponses

% des personnes avec chaque résultat

Votre développement - résultats

Vous n’avez pas pris ce quiz